Light and film /

Bibliographic Details
Corporate Author: Time-Life Books
Format: Book
Language:English
Published: New York, [publisher not identified] ; [1970]
Series:Life library of photography.
Subjects:

MARC

Tag First Indicator Second Indicator Subfields
LEADER 00000cam a2200000 4500
001 in00000093553
005 20150927070155.0
008 710226s1970 nyua b 00110 eng
010 |a  77116582  
035 |a (OCoLC)00123530 
035 |9 AAL5400AM 
040 |a DLC  |c DLC  |d TXA  |d UtOrBLW 
049 |a TXAM  |c [1021746] 
050 0 0 |a TR590  |b .T55 
082 0 |a 770 
110 2 |a Time-Life Books. 
245 1 0 |a Light and film /  |c by the editors of Time-Life Books. 
264 1 |a New York,  |b [publisher not identified] ;  |c [1970] 
300 |a 227 pages :  |b illustrations (part color) ;  |c 27 cm. 
336 |a text  |b txt  |2 rdacontent 
337 |a unmediated  |b n  |2 rdamedia 
338 |a volume  |b nc  |2 rdacarrier 
490 1 |a Life library of photography 
500 |a Buyer's guide to camera accessories (6 pages) inserted at end. 
504 |a Bibliography: page 223. 
650 0 |a Photography  |x Lighting. 
650 0 |a Photography  |x Exposure. 
650 0 |a Photography  |x Films. 
830 0 |a Life library of photography. 
999 |a MARS 
999 f f |s c1a3253f-fcab-38a6-af72-3318b9bad814  |i cac32fb1-fca0-3f49-b473-7bd9f1f45e75  |t 0 
952 f f |p ric  |a Texas A&M University  |b Rellis Campus  |c Joint Library Facility  |d Remote Storage  |t 0  |e TR590 .T55  |h Library of Congress classification  |i unmediated -- volume  |m A14805627511 
998 f f |a TR590 .T55  |t 0  |l Remote Storage